Perintah-perintah am : Peraturan-peraturan Lembaga Tatatertib Awam 1993 :

Bibliographic Details
Format: Book
Published: Kuala Lumpur : MDC Publishers Printers , 2001
Subjects:

MARC

LEADER 00000cam a2200000 7i4500
001 0000009903
005 20020330.0
020 |a 967700817 
040 |a INS 
090 0 0 |a 354.595001   |b PER 
245 0 0 |a Perintah-perintah am :   |b Peraturan-peraturan Lembaga Tatatertib Awam 1993 :   |b Arahan Perbendaharaan :   |b Panduan Perbendaharaan Tatacara Pengurusan Stor :   |b Arahan Perkhidmatan :   |b Akta Acara Kewangan Perlembagaan Persekutuan :   |b Semua pindaan hingga Julai, 2001) 
260 |a Kuala Lumpur :   |b MDC Publishers Printers ,   |c 2001 
300 |a 838 ms ;   |c 26cm. 
650 0 0 |a Administrative agencies   |x Rules and practice   |z Malaysia 
650 0 0 |a Administrative procedure   |z Malaysia 
651 0 |a Malaysia   |x Official and employees 
999 |a 0000008219   |b BOOK   |c Open Shelf   |e Default branch 
999 |a 0000008220   |b BOOK   |c Open Shelf   |e Default branch